Представление документа в формате MARC21

ПолеНазваниеЗначение
  Тип записи a
  Библиографический уровень m
001 Контрольный номер RU\infra-m\znanium\bibl\2218979
005 Дата корректировки 20260429142112.8
008 Кодируемые данные 250711s2025 RU g rus u
020 Индекс ISBN __
a ISBN 978-5-907965-47-8
040 Источник каталогиз. __
a Служба первич. каталог. Общество с ограниченной ответственностью «ЗНАНИУМ»
041 Код языка издания __
a Код языка текста rus
044 Код страны публикации __
a Код страны публикации RU
080 Индекс УДК __
a Индекс УДК 004
080 Индекс УДК __
a Индекс УДК 373
084 Индекс другой классификации/Индекс ББК __
2 Источник индекса rubbk
a Индекс другой классификации/Индекс ББК 3281
084 Индекс другой классификации/Индекс ББК __
2 Источник индекса rubbk
a Индекс другой классификации/Индекс ББК 7420
084 Индекс другой классификации/Индекс ББК __
2 Источник индекса okso
a Индекс другой классификации/Индекс ББК 44.03.01
245 Заглавие __
a Заглавие Цифровизация в системе образования: передовой опыт и практика внедрения
b Продолж. заглавия Материалы VI Международной научно-практической конференции (Краснодар, 18-19 апреля 2025 г.); Материалы конференций
c Ответственность Кубанский государственный университет
250 Сведения об издании __
a Основные сведения об издании 1
260 Выходные данные __
a Место издания Чебоксары
b Издательство ООО "Издательский дом "Среда"
c Дата издания 2025
300 Физическое описание __
a Объем 339 с.
520 Аннотация __
a Аннотация В сборнике представлены научные публикации посвященные вопросам цифровизации в системе образования. В материалах сборника приведены результаты теоретических и прикладных изысканий представителей научного и образовательного сообщества в данной области. Предназначен для широкого круга читателей.
521 Примеч. о цел. назн. __
a Примеч. о целев. назн. Дополнительное образование взрослых
650 Тематические рубрики __
a Основная рубрика Информатика. Вычислительная техника
x Основная подрубрика Информационные технологии в науке и образовании
655 Указ. предметных рубрик (устаревшее) __
a Жанр/ форма (устаревшее) Материалы конференций
700 Другие авторы __
a Другие авторы Ушаков А.А.
q Полное имя Ушаков Алексей Антонидович
u Дополнение Кубанский государственный университет
856 Электронный адрес документа 4_
a Имя сервера/домена znanium.ru
m Помощь ebs_support@infra-m.ru
n Местонахождение сервера НИЦ ИНФРА-М
u URL https://znanium.ru/catalog/document?id=467322
856 Электронный адрес документа 48
a Имя сервера/домена znanium.ru
d Путь /cover/2218
f Электронное имя 2218979.jpg
q Тип электронного формата image/jpeg
u URL https://znanium.ru/cover/2218/2218979.jpg
911 __
u 0030=https://znanium.ru/catalog/document?id=467322